Geography Quiz

Random Geography or World Quiz
Score 0/84 Timer 07:00
6 Plays Today
% Correct
Iraq
96.5%
Egypt
94.8%
China
93.8%
Niger
93.7%
Niger
93.7%
Niger
93.7%
Brazil
93.4%
Brazil
93.4%
Yemen
92.2%
Russia
91.6%
Egypt
91.3%
United States
90.2%
Nigeria
88.7%
Nigeria
88.7%
Chad
88.5%
Chile
88.5%
Chad
88.3%
Libya
84%
Libya
84%
Colombia
83.7%
Chad
83.6%
Iraq
83.5%
Venezuela
83.2%
Algeria
83.1%
Algeria
83.1%
Algeria
83.1%
Ecuador
82.6%
Ecuador
82.6%
% Correct
Angola
82.5%
Rwanda
82.1%
Afghanistan
81.8%
South Sudan
81.6%
Malaysia
81.2%
Bolivia
80.9%
Sudan
80.7%
Sudan
80.7%
Kuwait
80.5%
Mali
80.3%
Guatemala
79.6%
Republic of the Congo
79.1%
Lesotho
78.9%
Belize
78.5%
Peru
78.2%
Zimbabwe
78.1%
United Arab Emirates
77.3%
Pakistan
76.9%
Central African Republic
76%
Ethiopia
75.7%
Tunisia
75.6%
eSwatini
74.9%
South Sudan
74.8%
Oman
74.7%
Panama
74.5%
Papua New Guinea
74.4%
Namibia
73.8%
Namibia
73.8%
% Correct
Jordan
73.8%
Central African Republic
72.4%
Republic of the Congo
72.4%
Qatar
72.3%
Botswana
71.8%
Zambia
71.6%
Burundi
71.3%
Democratic Republic of the Congo
71%
Zambia
70.9%
Central African Republic
70.4%
Tanzania
70.1%
Mozambique
70%
Turkey
65.4%
Timor-Leste
65.4%
Mauritania
65.2%
Cameroon
64.2%
Uganda
63.5%
Eritrea
60%
Burkina Faso
60%
Burkina Faso
60%
Turkmenistan
58.7%
Guinea
57.2%
Senegal
57.2%
Cote d'Ivoire
57.1%
Azerbaijan
56.3%
Benin
55.7%
Armenia
55.1%
Libya
51.1%
Come Together.
Have Fun.
All Virtual.
We all need to come together. Play Sporcle's virtual live trivia to have fun, connect with people, and get your trivia on. Join a live hosted trivia game for your favorite pub trivia experience done virtually. If a virtual private party is more your thing, go here for details.

You're not logged in!

Compare scores with friends on all Sporcle quizzes.
OR
Log In

Sporcle TV

Today on Sporcle TV


Watch our educational content, quiz creation guides, and fun videos on Sporcle TV.

Show Comments

Extras

Top Quizzes Today


Score Distribution

Paid Content

Your Account Isn't Verified!

In order to create a playlist on Sporcle, you need to verify the email address you used during registration. Go to your Sporcle Settings to finish the process.

Report this User

Report this user for behavior that violates our Community Guidelines.

Details: